03956nam a2200541Ia 45000010005000000080041000050100009000460410014000550820026000692450182000952600018002773000008002955200006003036300025003096300014003346300016003486500028003646900014003927000031004067000035004377000033004729010077005059020006005829030039005889040018006279050027006459060006006729070014006789080014006929090051007069100015007579110010007729120014007829130009007969140024008059150019008299160009008489170009008579180014008669190024008805202451009049210007033559220007033629230006033699240014033759420010033899990015033992002241029s9999 xx 000 0 und d a1877 aEspañol aST MA-TE 0005 FH 2007 0aEl liderazgo del/la director(a) de los centros educativos de la Tanda Nocturna del Nivel Medio correspondientes al Distrito 15-05 frente a la escuela y la comunidad (2006-2007). aSanto Domingo a124 a1 aDirectores de Centro aLiderazgo aNivel Medio aCompetencias Educativas aElaborado easesoraAguasvivas, Rafael eautoraMarte M., Eduardo Julio eautoraPérez, Mairení M. a{"1":"Marte M.","2":"Pérez"}b{"1":"Eduardo Julio","2":"Mairení M."} a1 a{"1":"Aguasvivas"}b{"1":"Rafael"} aMaestría en aTecnología Educativa a2 aNO APLICA aNO APLICA aUniversidad Autónoma de Santo Domingo (UASD) aNULLbNULL a["1"] aNO APLICA aNULL a08 de Enero de 2007 a08/12/19 09:12 aNULL aNULL aNO APLICA a["203","131","240"] aLos objetivos en los que se centró principalmente la investigación fueron: conocer el rol de los directores de los centros educativos, así como su liderazgo en sus escuelas y la comunidad donde funcionan esos Centros y analizar las características o perfil del/la director(a) de los centros educativos, en su formación profesional en el área de Educación, características personales como son las habilidades para tratar con personas, sentido de justicia y equidad, respeto a la opinión ajena, capacidad para tomar decisiones y aptitud intelectual.Los métodos empleados para la realización de la misma fueron el histórico, analítico y descriptivo. El universo estuvo constituido por los directores de los Centros Educativos del Nivel Medio, correspondientes al Distrito Educativo 15-05, Santo Domingo Oeste, los cuales son siete (7) en total. Los estudiantes constituyen una matrícula total de tres mil cuatrocientos veinte (3,420); los profesores un total de noventa y seis (96).La selección empleada para la muestra fue la siguiente: para los directores, la selección muestral fue de cincuenta y seis (56), lo que representa el 58.33%. En tanto que para los estudiantes, el valor muestral fue de cuatrocientos ochenta y dos (482), equivalente a un 14.1%.Tras la realización de la investigación se formularon conclusiones entre las que se destaca: que en las diferentes teorías consultadas se encontró que el rol del director requiere de mucha preparación del mismo, así como de un fuerte liderazgo para enfrentar la multiplicidad de funciones. Los directores, en su mayor porcentaje, cumplen con el rol para el cual fueron designados y gozan de cierto nivel de liderazgo frente a la comunidad estudiantil.El estudio recomienda: a los directivos de estos centros educativos: diseñar estrategias de acercamiento a su comunidad, mantener la actualización profesional de manera sistemática, seguir creando ambientes de trabajo, de unidad y armonía en cooperación con todo el personal bajo su dirección y proyectar una imagen de liderazgo y de respeto dentro de la escuela y que la misma trascienda a toda la comunidad escolar.Al Ministerio de Educación: que los directores de escuelas sean seleccionados, tomando en cuenta, en primer lugar, su preparación académica y su experiencia en las aulas, y diseñar un plan de acción encaminado a fortalecer el conocimiento de los directores. a16 a16 a0 aNO APLICA cTesis c1877d1877